|
|
|
|
| LEADER |
00904cam a2200217 7i4500 |
| 001 |
0000032199 |
| 005 |
20150316090000.0 |
| 090 |
0 |
0 |
|a PHOT 658.83
|b MAL
|
| 110 |
2 |
0 |
|a Malaysia External Trade Development Corporation (MATRADE)
|
| 245 |
1 |
0 |
|a Market briefing and consultation session with MATRADE'S Trade Commisioners and marketing officer ( 2 August 2004 : Renaissance Hotel, Kuala Lumpur ).
|
| 300 |
# |
# |
|a 34 Photographs:
|b col..
|
| 500 |
0 |
0 |
|a Photographs
|
| 600 |
0 |
0 |
|a Noharuddin Nordin, Dato'
|
| 600 |
0 |
0 |
|a Zulkepli Mohd Perai
|
| 600 |
0 |
0 |
|a Arokiadass Savarimuthu
|
| 600 |
0 |
0 |
|a Abu Bakar Koyakutty
|
| 600 |
0 |
0 |
|a Mohd Ghazali Idris
|
| 650 |
0 |
0 |
|a MATRADE --
|x Photographs collection --
|y 2014
|
| 650 |
0 |
0 |
|a Market briefing and consultation session with MATRADE Trade Comissioners and marketing --
|y 2004
|
| 650 |
0 |
0 |
|a Business --
|y 2004
|
| 999 |
|
|
|a PC00000403
|b Photographs
|c Photographs
|e Business Information Centre
|